000 00362nam a2200133Ia 4500
008 151015s9999 xx 000 0 und d
020 _a9.7805712116e+012
050 _aPS3612 .A28T48
245 _aLaBute,Neil
250 _a_This is how it is Neil Labute
300 _aNew York Faber and Faber 2005
650 _a_Novel
700 _a^d20130521 01:44:53^oanne
999 _c4631
_d4631